000 00367nam a2200145Ia 4500
008 220217s9999||||xx |||||||||||||| ||und||
020 _a9788177585292
082 _a004.65 HAN
100 _aHandel, Rainer and others
_98132
245 0 _aATM Networks
250 _a3
260 _aPearson
_bNew Delhi
_c2008
300 _a327
_b450
650 _aCOMPUTER NETWORK
999 _c183064
_d183064